Normal view
MARC view
- Bill, James A
Entry Personal Name
001 - CONTROL NUMBER
- control field: 105549
003 - CONTROL NUMBER IDENTIFIER
- control field: NUST
005 - DATE AND TIME OF LATEST TRANSACTION
- control field: 20221221125244.0
008 - FIXED-LENGTH DATA ELEMENTS
- fixed length control field: 221221|| aca||aabn | a|a d
040 ## - CATALOGING SOURCE
- Original cataloging agency: NUST
- Transcribing agency: NUST
100 ## - HEADING--PERSONAL NAME
- Personal name: Bill, James A
670 ## - SOURCE DATA FOUND
- Source citation: Work cat.: (NUST)185153: Bill, James A., Politics in the Middle East / , c1984.
